000 02354cac a22003251u 4500
008 091105t2005 xxu||||| |||| 00| 0 eng d
010 _a96012134
020 _a047166782X
020 _a9780471667827
082 0 0 _a621.3824
_222
_bBAL
100 _aBalanis, Constantine A
_99195
245 1 0 _aAntenna Theory :
_bAnalysis and Design /
_cConstantine A. Balanis.
250 _a3rd ed.
260 _aNew York :
_bWiley,
_cc2005.
300 _axvii,1117p. :
_bill. ;
_c26 cm. +
_e1 CD-ROM (4 3/4 in.)
504 _aIncludes bibliographical references and index.
650 0 _aAntennas (Electronics)
_99196
856 4 2 _3Publisher description
_uhttp://www.loc.gov/catdir/description/wiley037/96012134.html
856 4 2 _3Table of Contents only
_uhttp://www.loc.gov/catdir/toc/onix03/96012134.html
856 4 2 _3Contributor biographical information
_uhttp://www.loc.gov/catdir/enhancements/fy0607/96012134-b.html
942 _cBB
_2ddc
999 _c12873
_d12873